• 首页
  • 本馆介绍
  • 公告通知
  • 最新文献
  • 馆藏检索
  • 电子资源
  • 读者导购
  • 参考咨询
  • 我的图书馆
  • 登录
  • 详细信息显示
  • 放入我的书架
  • 预约/预借图书
  • 作者相关作品
  • 分类相关作品
  • 丛书相关作品
  • 出版社相关作品

书目信息

  • 表格格式
  • 工作单格式
  • 卡片格式
题名:
世纪悲歌
    
 
作者: 肖德甫 著
分册:  
出版信息: 北京   中央编译出版社  2016
页数: 13, 304页
开本: 24cm
丛书名: 大国镜鉴
单 册:
中图分类: D351.23
科图分类:
主题词:
电子资源:
ISBN: 978-7-5117-3078-7
000 01051nam 2200289 450
001 1755613521
005 20161008193428.4
010    @a978-7-5117-3078-7@dCNY51.00
100    @a20160930d2016 em y0chiy50 ea
101 0  @achi
102    @aCN@b110000
105    @ay a 000yy
106    @ar
200 1  @a世纪悲歌@Ashi ji bei ge@e苏联共产党执政失败的前前后后@f肖德甫著
210    @a北京@c中央编译出版社@d2016
215    @a13, 304页@d24cm
225 2  @a大国镜鉴@Ada guo jing jian
314    @a肖德甫, 退休军人。
320    @a有书目
330    @a本书共分为五章, 主要内容包括执政之基 —— 俄国及其十月革命 ; 执政之路 —— 兴亡三部曲 ; 战政之悖 —— 悲剧的主角 ; 执政之诫 —— 苏共的遗产 ; 执政之论 —— 历史的回声。
410  0 @12001 @a大国镜鉴
517 1  @a苏联共产党执政失败的前前后后@Asu lian gong chan dang zhi zheng shi bai de qian qian hou hou
601 02 @a苏联共产党@Asu lian gong chan dang@x党史@x研究
690    @aD351.23@v5
701  0 @a肖德甫@Axiao de fu@4著
801  0 @aCN@b人天书店@c20160930
905    @aBZT@dD351.23@e1
    
    世纪悲歌:苏联共产党执政失败的前前后后/肖德甫著.-北京:中央编译出版社,2016
    13, 304页;24cm.-(大国镜鉴)
    
    
    ISBN 978-7-5117-3078-7:CNY51.00
    本书共分为五章, 主要内容包括执政之基 —— 俄国及其十月革命 ; 执政之路 —— 兴亡三部曲 ; 战政之悖 —— 悲剧的主角 ; 执政之诫 —— 苏共的遗产 ; 执政之论 —— 历史的回声。
●
相关链接 在五车中查询图书 在当当中查询图书 在豆瓣中查询图书


正题名:世纪悲歌     索取号:D351.23/1         预约/预借

序号 登录号 条形码 馆藏地/架位号 状态 备注
1 824944   2000824944   思政阅览室/思1架B面1层7列/ [索取号:D351.23/1] 在馆    
2 824945   2000824945   第二书库/ [索取号:D351.23/1] 在馆    
3 824946   2000824946   第二书库/ [索取号:D351.23/1] 在馆    
山东省滨州职业学院图书馆 欢迎您!
大连网信软件有限公司© 版权所有